000 00242nam a2200097Ia 4500
008 240331s9999 xx 000 0 und d
082 _bGRA
100 _aAcro Editorial Board. ed
245 0 _aGraduate record examination :
_beconomics
942 _cL
999 _c2557
_d2557